| 000 | 01459nam a22003377a 4500 | ||
|---|---|---|---|
| 003 | EG-ScBUE | ||
| 005 | 20211025103559.0 | ||
| 008 | 090809s2004 ua f 000 d eng d | ||
| 017 | _a2004/14279 | ||
| 020 | _a9770192066 | ||
| 040 |
_aEG-ScBUE _bara _erda _cEG-ScBUE _dEG-ScBUE |
||
| 041 | 1 |
_aara _hnor |
|
| 082 | 0 | 4 |
_a839.8226 _bإ ب س _222 |
| 100 | 1 |
_aإبسن، هنريك، _d1828-1906، _eمؤلف. |
|
| 245 | 1 | 0 |
_aبيت الدمية / _cتأليف هنريك إبسن ؛ ترجمة محمود عزت مرسي ؛ مراجعة محمد عبد النبي غانم ؛ تقديم د. عبد الله عبد الحافظ متولي. |
| 264 | 1 |
_aالقاهرة : _bالهيئة المصرية العامة للكتاب، _c2004. |
|
| 300 | 2 |
_a232 صفحة ؛ _c17 سم. |
|
| 336 |
_2rdacontent _aنص _btxt |
||
| 337 |
_2rdamedia _aبدون وسيط _bn |
||
| 338 |
_2rdacarrier _aمجلد _bnc |
||
| 490 | 0 | _aروائع الأدب العالمي | |
| 541 | _cإهداء. | ||
| 546 | _aالنص باللغة العربية وتم ترجمته من اللغة النرويجية. | ||
| 650 | 7 |
_aالمسرحيات النرويجية _yقرن 19. _2BUEsh |
|
| 653 |
_bGGEN _cOctober2021 |
||
| 655 |
_vReading book _934232 |
||
| 700 | 1 |
_aمرسي، محمود عزت، _eمترجم. |
|
| 700 | 1 |
_aغانم، محمد عبد النبي، _eمراجع. |
|
| 700 | 1 |
_aمتولي، عبد الله عبد الحافظ، _eمقدم. |
|
| 942 |
_2ddc _cBB |
||
| 999 |
_c12554 _d12554 |
||